Central Library and Information Centre
Sibsagar Girls' College, Sivasagar : Assam

GRIHO BIGYAN (1ST ED) (Record no. 9719)

MARC details
000 -LEADER
fixed length control field 00409cam a2200169ua 4500
008 - FIXED-LENGTH DATA ELEMENTS--GENERAL INFORMATION
fixed length control field 151130n1997 II |||gr||||Z||||||asm
040 ## - CATALOGING SOURCE
Original cataloging agency MAIN
041 ## - LANGUAGE CODE
-- English
082 ## - DEWEY DECIMAL CLASSIFICATION NUMBER
Classification number 640 BHA
100 ## - MAIN ENTRY--PERSONAL NAME
Personal name BHATTA,BORA AND GOSWAMI (BY AHSEC).
245 ## - TITLE STATEMENT
Title GRIHO BIGYAN (1ST ED)
260 ## - PUBLICATION, DISTRIBUTION, ETC.
Place of publication, distribution, etc. GUWAHATI
Name of publisher, distributor, etc. ASSAM BOOK HIVE
Date of publication, distribution, etc. 1997
300 ## - PHYSICAL DESCRIPTION
Extent 352.
942 ## - ADDED ENTRY ELEMENTS (KOHA)
Koha item type Books
653 ## - INDEX TERM--UNCONTROLLED
Uncontrolled term Home & family management
Holdings
Withdrawn status Lost status Damaged status Not for loan Collection code Home library Current library Shelving location Date acquired Full call number Barcode Date last seen Copy number Price effective from Koha item type Total Checkouts Date last checked out Public note
        TBHMSC Central Library and Information Centre Sibsagar Girls College Central Library and Information Centre Sibsagar Girls College Home Science Rack 21.07.2000 640 BHA 16763 27.02.2020 1 27.02.2020 Books      
        TBHMSC Central Library and Information Centre Sibsagar Girls College Central Library and Information Centre Sibsagar Girls College HOMESCIENCE BOOK RACK 21.07.2000 640 BHA 16764 02.09.2023 2 27.02.2020 Books 3 28.08.2023 V
        TBHMSC Central Library and Information Centre Sibsagar Girls College Central Library and Information Centre Sibsagar Girls College HOMESCIENCE BOOK RACK 21.07.2000 640 BHA 16765 27.02.2020 3 27.02.2020 Books     V


Sibsagar Girl's College © 2020. All rights reserved.
Powered by Koha.
Maintained by Abhijit Borpuzari.